MyGZULibrary

Social stratification / (Record no. 2308)

MARC details
000 -LEADER
fixed length control field 01215cam a2200349 a 4500
001 - CONTROL NUMBER
control field 4911382
003 - CONTROL NUMBER IDENTIFIER
control field GZU
005 - DATE AND TIME OF LATEST TRANSACTION
control field 20201028130132.0
008 - FIXED-LENGTH DATA ELEMENTS--GENERAL INFORMATION
fixed length control field 940316s1992 ii b 001 0 eng
010 ## - LIBRARY OF CONGRESS CONTROL NUMBER
LC control number 94119772
020 ## - INTERNATIONAL STANDARD BOOK NUMBER
International Standard Book Number 0195630882 :
Terms of availability Rs190.00
040 ## - CATALOGING SOURCE
Original cataloging agency DLC
Transcribing agency DLC
Modifying agency DLC
043 ## - GEOGRAPHIC AREA CODE
Geographic area code a-ii---
050 00 - LIBRARY OF CONGRESS CALL NUMBER
Classification number HM 706
Item number GUP 1991
082 00 - DEWEY DECIMAL CLASSIFICATION NUMBER
Classification number 305.5/12/0954
Edition number 20
245 00 - TITLE STATEMENT
Title Social stratification /
Statement of responsibility, etc. edited by Dipankar Gupta.
250 ## - EDITION STATEMENT
Edition statement 2nd and enl. ed.
260 ## - PUBLICATION, DISTRIBUTION, ETC.
Place of publication, distribution, etc. Delhi ;
-- New York :
Name of publisher, distributor, etc. Oxford University Press,
Date of publication, distribution, etc. 1991.
300 ## - PHYSICAL DESCRIPTION
Extent xvii, 510 p. ;
Dimensions 22 cm.
440 #0 - SERIES STATEMENT/ADDED ENTRY--TITLE
Title Oxford in India readings in sociology and social anthropology
440 #0 - SERIES STATEMENT/ADDED ENTRY--TITLE
Title Oxford India paperbacks
504 ## - BIBLIOGRAPHY, ETC. NOTE
Bibliography, etc. note Includes bibliographical references (p. [493]-510) and index.
650 #0 - SUBJECT ADDED ENTRY--TOPICAL TERM
Topical term or geographic name entry element Social classes
Geographic subdivision India.
650 #0 - SUBJECT ADDED ENTRY--TOPICAL TERM
Topical term or geographic name entry element Caste
Geographic subdivision India.
650 #0 - SUBJECT ADDED ENTRY--TOPICAL TERM
Topical term or geographic name entry element Social conflict
Geographic subdivision India.
650 #0 - SUBJECT ADDED ENTRY--TOPICAL TERM
Topical term or geographic name entry element Social stratification
Geographic subdivision India.
700 1# - ADDED ENTRY--PERSONAL NAME
Personal name Gupta, Dipankar,
Dates associated with a name 1949-
856 42 - ELECTRONIC LOCATION AND ACCESS
Materials specified Publisher description
Uniform Resource Identifier <a href="http://www.loc.gov/catdir/enhancements/fy0605/94119772-d.html">http://www.loc.gov/catdir/enhancements/fy0605/94119772-d.html</a>
906 ## - LOCAL DATA ELEMENT F, LDF (RLIN)
a 7
b cbc
c orignew
d 2
e ncip
f 19
g y-gencatlg
942 ## - ADDED ENTRY ELEMENTS (KOHA)
Source of classification or shelving scheme Library of Congress Classification
Koha item type Books
Classification part 706
Item part GUP
Call number prefix HM
Holdings
Withdrawn status Lost status Damaged status Not for loan Collection code Home library Current library Shelving location Date acquired Total Checkouts Full call number Barcode Date last seen Copy number Price effective from Koha item type
        Non-fiction City Campus Library City Campus Library General Stacks 10/28/2020   HM 706 GUP 1991 1955 10/28/2020 c.1 10/28/2020 Books